000 01022nam a2200205 i 4500
001 153066
003 ES-MaACL
005 20250719062537.0
008 050711s1872 it |||| | ita d
100 1 _aCerruti, G. Emilio.
_9126426
245 1 0 _aDella deportazione come base fondamentale delle riforme carcerarie e della colonizzazione italiana :
_blettera /
_cdi G. Emilio Cerruti al cavaliere Tancredi Canonico.
260 _aTorino :
_b[s.n.],
_c1872
_f(Stabilimento Gius. Civelli)
300 _a61 p. ;
_c22 cm.
650 4 _aDeportación.
_9135876
852 _aES-MaACL
_jD-273(13)
_9158627
_bR.FOLL.12/13
_cSVI
_dOlim: 193-C-3
_hDonación: Francisco Lastres y Juiz
_fSello en tinta en verso de hoja de guarda del volumen: "Donativo del Sr. Lastres al Ateno de Madrid, 1907".
_xEncuadernado con otras obras formando un volumen facticio.
903 _aLastres y Juiz, Francisco,
_d1848-1918
_q1
_ednr
_970504
942 _2udc
_cFOLLETOS
999 _c153066
_d153066